000 01101nam a22002657a 4500
003 Uzh_bibl
008 260423b |||||||| |||| 00| 0 ukr d
020 _c72,5
040 _bукр.
041 _2hun
_aukr
080 _a821.161.2
090 _a821.161.2
_bУ 34
100 _a-
245 _aУгорські народні казки
_cУпоряд. та пер. з угор. К. Бібікова
_hТекст
260 _aКиїв
_b"Веселка"
_c1985
300 _a151 с.
_bіл.
_fВ опр.
490 _a"Книги народів світу"
520 _aДо збірки увійшли найпопулярніші казки, що яскраво відображають мудрість та прагнення трудящих мас.
521 _aДля молодшого шкільного віку
546 _aукр.
650 _aЛітературно-художнє видання
653 _aЛудаш Маті
_aТри мудрі поради
_aХитра лисиця
655 _aХУдожня література
_vКазки
942 _2udc
_cBK
999 _c17489
_d17489